| 000 | 01081nam a2200253 i 4500 | ||
|---|---|---|---|
| 003 | EG-ScBUE | ||
| 005 | 20240117132608.0 | ||
| 008 | 100822s1969 ua a f b 000 0 ara d | ||
| 040 |
_aEG-ScBUE _bara _erda _cEG-ScBUE _dEG-ScBUE |
||
| 043 | _af-ua--- | ||
| 082 | 0 | 4 |
_222 _a962.04 _bع ا م |
| 245 | 0 | 0 | _a50 عاما على ثورة 1919. |
| 264 | 1 |
_aالقاهرة : _bمؤسسة الأهرام، مركز الوثائق والبحوث التاريخية لمصر المعاصرة، _c[1969] |
|
| 300 |
_a539 صفحة : _bإيضاحيات ؛ _c24 سم |
||
| 336 |
_2rdacontent _aنص _btxt |
||
| 337 |
_aبدون وسيط _2rdamedia _bn |
||
| 338 |
_aمجلد _bnc _2rdacarrier |
||
| 504 | _aيشتمل على إرجاعات ببليوجرافية. | ||
| 541 |
_aألف باء ؛ _cشراء ؛ |
||
| 651 | 7 |
_2BUEsh _aمصر _xتاريخ _yالعصر الحديث _yثورة 1919 م. |
|
| 655 | _vReading book | ||
| 710 | 2 |
_917607 _aمؤسسة الأهرام _bمركز الوثائق والبحوث التاريخية لمصر المعاصرة، _eمؤلف. |
|
| 942 |
_2ddc _cBB |
||
| 999 |
_c14680 _d14680 |
||